01601nam a2200241Ia 4500100002200000650000900022942000700031366000900038654000900047245002900056260003300085082002100118300000800139546001200147999001700159952016900176952016900345952016900514952016900683952016900852952016901021952016901190 aPedroni/Volnei A  aVHDL cBK f17.5 aVHDL aCircuit design with VHDL bPrentice Hall of Indiac2009 a621.392/PEDbPED a363 aENGLISH c34750d34750 001040708CRCaCRCEbCRCEd2023-03-17eEducational books and periodicalsg288.75i262 dt 04/05/2009l0o621.392/PED PEDp19497r2023-03-17v350.00w0000-00-00yBK 001040708CRCaCRCEbCRCEd2023-03-17eEducational books and periodicalsg288.75i262 dt 04/05/2009l0o621.392/PED PEDp19498r2023-03-17v350.00w0000-00-00yBK 001040708CRCaCRCEbCRCEd2023-03-17eEducational books and periodicalsg288.75i262 dt 04/05/2009l0o621.392/PED PEDp19499r2023-03-17v350.00w0000-00-00yBK 001040708CRCaCRCEbCRCEd2023-03-17eEducational books and periodicalsg288.75i262 dt 04/05/2009l0o621.392/PED PEDp19500r2023-03-17v350.00w0000-00-00yBK 001040708CRCaCRCEbCRCEd2023-03-17eEducational books and periodicalsg288.75i262 dt 04/05/2009l0o621.392/PED PEDp19501r2023-03-17v350.00w0000-00-00yBK 001040708CRCaCRCEbCRCEd2023-03-17eEducational books and periodicalsg288.75i262 dt 04/05/2009l0o621.392/PED PEDp19502r2023-03-17v350.00w0000-00-00yBK 001040708CRCaCRCEbCRCEd2023-03-17eEducational books and periodicalsg288.75i262 dt 04/05/2009l0o621.392/PED PEDp19503r2023-03-17v350.00w0000-00-00yBK